Представление документа в формате RUSMARC

ПолеНазваниеЗначение
  Тип записи a
  Библиографический уровень m
001 Контрольный номер 93363deddfd047a3b83e51e57217c955
005 Дата корректировки 20140602161904.5
010 Индекс ISBN __
a ISBN 978-5-9614-0695-5
101 Язык документа 0_
a Язык текста rus
102 Страна публикации __
a Страна публикации RU
200 Заглавие и сведения об ответственности 1_
a Заглавие Как делать большие деньги в малом бизнесе. Неочевидные правила, которые должен знать любой владелец малого бизнеса
e Сведения, относящиеся к заглавию пер. с англ.
f Первые сведения об ответственности Джефри Дж. Фокс
205 Сведения об издании __
a Основные сведения об издании 3-е изд.
210 Выходные данные 1_
c Издательство Альпина Бизнес Букс
a Место издания М.
d Дата издания 2008
215 Физическое описание __
a Объем 167, [1] с.
225 Серия 2_
a Серия Коротко и по делу
610 Ключевые слова 0_
a Ключевые слова малый бизнес
610 Ключевые слова 0_
a Ключевые слова деньги
610 Ключевые слова 0_
a Ключевые слова владелец
610 Ключевые слова 0_
a Ключевые слова предприниматель
610 Ключевые слова 0_
a Ключевые слова продажа
686 Индексы других классификаций __
a Классификационный индекс 65.9(2)09
2 Код системы rubbk
700 Автор _1
a Фамилия Фокс
g Полное личное имя Джефри Дж.
801 Источник записи _0
a Страна RU
b Организация РУК
c Дата составления 20111219
g Правила каталогизации PSBO
801 Источник записи _1
a Страна RU
b Организация РУК
c Дата составления 20111219
g Правила каталогизации PSBO
852 Данные о местонахождении __
j Шифр хранения ББК 65.9(2)09
i Авторский знак Ф 75
901 Тип документа __
t Тип документа m
938 Служебная информация __
a Название организации Головной вуз
b Имя БД BOOK
c Название АИБС АИБС ИРБИС